000 00454nam a2200169Ia 4500
008 240729s9999 xx 000 0 und d
022 _a1678-4685
245 0 _aGenetics and Molecular Biology
260 _aBrazil
260 _bSociedade Brasileira de Genética
650 _a Biology (General)
650 _a Genetics
650 _aScience
856 _uhttps://doaj.org/toc/0f5d3e478b8248ff89ecaba577576f39
942 _2ddc
942 _cDOAJEJ
999 _c66732
_d66732
945 _a1
_bMadushi Gamage
_c1
_dMadushi Gamage